| 000 | 00417nam a22001697a 4500 | ||
|---|---|---|---|
| 005 | 20180621101454.0 | ||
| 008 | 160625b xxu||||| |||| 00| 0 eng d | ||
| 020 | _a0-415-28743-X | ||
| 041 | _aeng | ||
| 082 |
_b10101 _a658 |
||
| 100 |
_aDavis, Gary and others _91919 |
||
| 245 | _aCorporate Reputation and Competitiveners | ||
| 260 |
_bRoutledge _c2003 |
||
| 300 | _a258 | ||
| 650 |
_aManagement _9241 |
||
| 942 | _cBK | ||
| 999 |
_c4045 _d4044 |
||